000 00709nam a2200241 a 4500
003 AR-BaBNM
005 20251128205236.0
008 082120s2002 ||||||||||||||000 | spa||
020 _a84-505-4424-6
040 _cAR-BaBNM
245 0 0 _aHomenaje al poeta Federico García Lorca
260 _aGranada
_bComisión Nacional de Cincuentenario de la muerte de Federico García Lorca
_c1986
300 _axix, 200 p.
_bil.
490 0 _aEdiciones españolas
650 4 _aPOESIA ESPAÑOLA
650 4 _aANTOLOGIAS
650 4 _aINVESTIGACION LITERARIA
655 _aLITERATURA
700 1 _aPrados, Emilio
_ecompilador
700 1 _aGarcía Montero, Luis
_eprologuista
942 _cBK
998 _cLAURA
999 _c10556
_d10556